| 000 | 01519cam a22003494a 4500 | ||
|---|---|---|---|
| 999 |
_c329633 _d329633 |
||
| 001 | 14303776 | ||
| 003 | NUST | ||
| 005 | 20170516124944.0 | ||
| 008 | 060317s2007 njuab b 001 0 eng | ||
| 010 | _a 2006009368 | ||
| 020 | _a9780471760900 (pbk.) | ||
| 020 | _a0471760900 (pbk.) | ||
| 040 |
_aDLC _cDLC _dDLC |
||
| 042 | _apcc | ||
| 050 | 0 | 0 |
_aTH2031 _b.S74 2007 |
| 082 | 0 | 0 |
_a 711 STE _222 |
| 100 | 1 |
_aSteiner, Frederick R. _9897 |
|
| 245 | 1 | 0 |
_aPlanning and urban design standards / _cFrederick Steiner , Kent Butler , American Planning Association ; Emina Sendich, graphics editor. |
| 250 | _aStudent ed. | ||
| 260 |
_aHoboken, N.J. : _bJ. Wiley, _cc2007. |
||
| 300 |
_axii, 436 p. : _bill., maps ; _c29 cm. |
||
| 440 | 0 |
_aWiley graphic standards _9898 |
|
| 504 | _aIncludes bibliographical references (p. 415-429) and index. | ||
| 650 | 0 |
_aBuilding _xDetails _vDrawings. _9899 |
|
| 650 | 0 |
_aBuilding _xDetails _vDrawings _xStandards. _9900 |
|
| 700 | 1 |
_aButler, Kent S. _9901 |
|
| 710 | 2 |
_aAmerican Planning Association. _9902 |
|
| 856 | 4 | 1 |
_3Table of contents only _uhttp://www.loc.gov/catdir/toc/ecip0610/2006009368.html |
| 856 | 4 | 2 |
_3Contributor biographical information _uhttp://www.loc.gov/catdir/enhancements/fy0740/2006009368-b.html |
| 856 | 4 | 2 |
_3Publisher description _uhttp://www.loc.gov/catdir/enhancements/fy0740/2006009368-d.html |
| 906 |
_a7 _bcbc _corignew _d1 _eecip _f20 _gy-gencatlg |
||
| 942 |
_2ddc _cBK |
||